000
00345 a2200157 4500
001
151645
040
_c
Escola São Tomás de Aquino
100
_a
AMORIN, Drumond
240
1
0
_a
Meu nome é Joca
_l
por
245
1
0
_a
Meu nome é Joca
300
_a
79
362
0
_a
1997
440
1
_a
Dimensão
697
_a
*LITERATURA JUVENIL
942
_c
BK
999
_c
151645
_d
151645